MARC

LEADER 00000cam a22000004a 4500
001 musev2_65572
003 MdBmJHUP
005 20230905050741.0
006 m o d
007 cr||||||||nn|n
008 880914s1985 onc o 00 0 eng d
020 |a 9781772822632 
020 |z 1772822639 
035 |a (OCoLC)1108485622 
040 |a MdBmJHUP  |c MdBmJHUP 
041 0 |a eng  |b fre 
100 1 |a Meyer, David. 
245 1 4 |a Red Earth Crees, 1860-1960 /   |c David Meyer. 
264 1 |a Ottawa :  |b National Museums of Canada,  |c 1985. 
264 3 |a Baltimore, Md. :  |b Project MUSE,   |c 2020 
264 4 |c ©1985. 
300 |a 1 online resource (246 pages):   |b illustrations, maps 
336 |a text  |b txt  |2 rdacontent 
337 |a computer  |b c  |2 rdamedia 
338 |a online resource  |b cr  |2 rdacarrier 
490 0 |a Paper - Canadian Ethnology Service ;  |v no. 100 
490 0 |a Mercury series 
500 |a 1 map and 2 charts folded in pocket. 
502 |a Originally the author's Thesis (Ph. D.). -- McMaster University, 1982. 
546 |a Abstract in English and French. 
588 |a Description based on print version record. 
650 7 |a Indians of North America.  |2 fast  |0 (OCoLC)fst00969633 
650 7 |a Cree Indians.  |2 fast  |0 (OCoLC)fst00882643 
650 6 |a Indiens d'Amerique  |z Saskatchewan  |x Histoire. 
650 6 |a Cris (Indiens)  |x Histoire. 
650 6 |a Cris (Indiens)  |x Parente. 
650 0 |a Indians of North America  |z Saskatchewan  |x History. 
650 0 |a Cree Indians  |x History. 
650 0 |a Cree Indians  |x Kinship. 
651 7 |a Saskatchewan.  |2 fast  |0 (OCoLC)fst01204834 
651 0 |a Red Earth (Sask.) 
655 7 |a Theses et ecrits academiques.  |2 rvmgf 
655 7 |a Academic theses.  |2 lcgft 
655 7 |a History.  |2 fast  |0 (OCoLC)fst01411628 
655 7 |a Academic theses.  |2 fast  |0 (OCoLC)fst01726453 
655 7 |a Electronic books.   |2 local 
710 2 |a National Museum of Man (Canada) 
710 2 |a National Museums of Canada. 
710 2 |a Canadian Ethnology Service. 
710 2 |a Project Muse.  |e distributor 
830 0 |a Book collections on Project MUSE. 
856 4 0 |z Texto completo  |u https://projectmuse.uam.elogim.com/book/65572/ 
945 |a Project MUSE - Custom Collection 
945 |a Project MUSE - Archive Complete Supplement VIII 
945 |a Project MUSE - Archive History Supplement VIII 
945 |a Project MUSE - Archive Native American and Indigenous Studies Supplement VII